Molecular archaeology of the Escherichia coli genome (Registro nro. 12679)

Detalles MARC
000 -CABECERA
Campo de control 005500000a22001810004500
090 ## - CLASIFICACIÓN LOCAL
Colección AR
Consecutivo 03631
041 0# - IDIOMA
Código de idioma para texto/pista de sonido o título separado
100 1# - ASIENTO PRINCIPAL--NOMBRE PERSONAL
Nombre personal Lawrence, Jeffrey G.
245 10 - MENCION DE TITULO
Título Molecular archaeology of the Escherichia coli genome
650 14 - ASIENTO SECUNDARIO DE MATERIA - TERMINO TEMATICO
Término temático o nombre geográfico como elemento de entrada Biología molecular
650 14 - ASIENTO SECUNDARIO DE MATERIA - TERMINO TEMATICO
Término temático o nombre geográfico como elemento de entrada Ecología molecular
650 14 - ASIENTO SECUNDARIO DE MATERIA - TERMINO TEMATICO
Término temático o nombre geográfico como elemento de entrada Evolución
650 14 - ASIENTO SECUNDARIO DE MATERIA - TERMINO TEMATICO
Término temático o nombre geográfico como elemento de entrada Bacterias
653 ## - TERMINO DE INDIZACION - NO CONTROLADO
-- Escherichia
-- Escherichia coli
700 1# - ASIENTO SECUNDARIO - NOMBRE PERSONAL
Nombre personal Ochman, Howard
773 1# - Item fuente:
Título Proceedings Natl. Acad. Sci. USA
Paginas del Articulo 9413-9417
Lugar, editorial y fecha de publicación 1998
Información sobre la relación 95
942 ## - ELEMENTOS ADICIONALES (KOHA)
Tipo de ítem Artículo
Existencias
Withdrawn status Lost status Damaged status No para préstamo Colección Ubicación Permanente Ubicación actual Fecha de adquisición Datos de publicación Seriada Total Checkouts Número topográfico Inventario / Código de Barras Date last seen Price effective from Forma de adquisición Tipo de material
      No para Préstamo Hemeroteca Bogotá Bogotá 27/02/2015 Fuera de circulación   AR 03631 017188 25/03/2015 25/03/2015   Artículo
      No para Préstamo Hemeroteca Bogotá Bogotá 27/02/2015 Fuera de circulación   AR 03631 017189 25/03/2015 25/03/2015   Artículo